00683nam a22001817a 4500003000900000008004100009040007100050082002300121100002800144245007600172260002800248300002200276505014400298650001200442650001300454650002000467650001400487AR-CdUCM190221b ||||| |||| 00| 0 eng d aMUNICIPALIDAD PROVINCIAL DEL CUSCOcBIBLIOTECA MUNICIPAL DEL CUSCO aC985.0093 / bP438 aPérez Ocampo, Gustavo aLieratura y Educacion :bEn los Comentarios Reales del Inca Garcilaso / aCusco :bAndina,c1989. a52 paginasc20 cm aCronología del Inca Garcilaso de la Vega -- Ubicación y deslinde -- Periplo vital -- Los Comentarios Reales: Estética y literatura... aRealeza aCronicas aDualidad Andina aInddigena